|
|
|
|
| LEADER |
00000cam a2200000 7i4500 |
| 001 |
0000056220 |
| 005 |
20151207.0 |
| 008 |
151207 |
| 020 |
|
|
|a 0794503314
|
| 020 |
|
|
|a 9780794503314
|
| 090 |
0 |
0 |
|a R500
|b SCI
|
| 245 |
1 |
0 |
|a The Usborne internet linked :
|b science encyclopedia
|c managing editor by Judy Tatchell
|
| 260 |
|
|
|a London :
|b Usborne Publishing ,
|c 2002
|
| 300 |
|
|
|a 448pg
|
| 500 |
|
|
|a Includes Index & Glossary
|
| 650 |
|
0 |
|a Science
|x computer network resources
|x juvenile literature
|
| 650 |
|
0 |
|a Science
|x encyclopedias
|
| 650 |
|
0 |
|a Science
|x encyclopedias, juvenile
|
| 700 |
1 |
|
|a Russell, Ruth
|
| 700 |
1 |
|
|a Tatchell, Judy
|
| 999 |
|
|
|a 0001047735
|b Book
|c REFERENCE
|e Cawangan Segamat
|